[Event "CP-2008-Q-00005"]
[Site "LSS email"]
[Date "2010.01.10"]
[Round "?"]
[White "Wurschner, Miroslav"]
[Black "Shutov, Andry"]
[Result "1-0"]
[WhiteElo "2305"]
[BlackElo "1943"]
[PlyCount "31"]
[EventDate "2010.01.15"]
[EventType "tourn (corr)"]
[EventRounds "6"]
[EventCountry "GER"]
[SourceTitle "Corr 2013"]
[Source "ChessBase"]
[SourceDate "2012.11.12"]
[SourceVersion "1"]
[SourceVersionDate "2012.11.12"]
[SourceQuality "1"]

1. e4 Nf6 2. e5 Nd5 3. d4 d6 4. Nf3 dxe5 5. Nxe5 c6 6. Be2 Bf5 7. 0-0 Nd7 8. Nf3 e6 9. c4 N5f6 10. Nc3 Qc7 11. Nh4 Bg6 12. g3 0-0-0 13. Be3 Kb8 14. Qa4 Bh5 15. Bxh5 Nxh5 16. Nf3 1-0

[Event "IECG CP.2007.Q.00019 email"]
[Site "IECG email"]
[Date "2009.01.15"]
[Round "?"]
[White "Baumann, Dariusz"]
[Black "Shutov, Andry"]
[Result "1-0"]
[WhiteElo "2001"]
[BlackElo "1927"]
[PlyCount "63"]
[EventDate "2009.01.15"]
[EventType "tourn (corr)"]
[EventRounds "6"]
[SourceTitle "Corr 2024"]
[Source "ChessBase"]
[SourceDate "2023.10.19"]
[SourceVersion "1"]
[SourceVersionDate "2023.10.19"]
[SourceQuality "1"]

1. e4 Nf6 2. e5 Nd5 3. d4 d6 4. Nf3 dxe5 5. Nxe5 Nd7 6. Nxf7 Kxf7 7. Qh5+ Ke6 8. c4 N5f6 9. d5+ Kd6 10. Qf7 Ne5 11. Bf4 c5 12. Nc3 a6 13. b4 b6 14. b5 a5 15. 0-0-0 g6 16. Kb2 Bh6 17. Bxe5+ Kxe5 18. d6 Rf8 19. f4+ Bxf4 20. Qxe7+ Qxe7 21. dxe7 Re8 22. g3 Bb7 23. gxf4+ Kxf4 24. Rg1 Rxe7 25. Bh3 Rf8 26. Bg2 Bxg2 27. Rxg2 Re3 28. Rf1+ Rf3 29. Nd5+ Nxd5 30. Rgf2 Ke4 31. Rxf3 Rxf3 32. Rxf3 1-0

[Event "IECG CP.2007.Q.00019 email"]
[Site "IECG email"]
[Date "2009.01.15"]
[Round "?"]
[White "Shutov, Andry"]
[Black "Bertel, Michael"]
[Result "0-1"]
[WhiteElo "1927"]
[BlackElo "1816"]
[PlyCount "42"]
[EventDate "2009.01.15"]
[EventType "tourn (corr)"]
[EventRounds "6"]
[SourceTitle "Corr 2024"]
[Source "ChessBase"]
[SourceDate "2023.10.19"]
[SourceVersion "1"]
[SourceVersionDate "2023.10.19"]
[SourceQuality "1"]

1. e4 e5 2. f4 exf4 3. Nf3 g5 4. Bc4 g4 5. 0-0 gxf3 6. Qxf3 Qf6 7. e5 Qxe5 8. Bxf7+ Kxf7 9. d4 Qxd4+ 10. Be3 Qg7 11. Qxf4+ Nf6 12. Bd4 Be7 13. Nc3 d6 14. Bxf6 Bxf6 15. Nd5 Rg8 16. Rf2 Nd7 17. Nxc7 Qg4 18. Nxa8 Qxf4 19. Rxf4 Rg5 20. b4 Ke7 21. Raf1 b5 0-1

[Event "FICGS class C 000063 email"]
[Site "FICGS email"]
[Date "2008.11.29"]
[Round "1"]
[White "Shutov, Andry"]
[Black "Lopez, Victor"]
[Result "1/2-1/2"]
[WhiteElo "1849"]
[BlackElo "1906"]
[PlyCount "61"]
[EventDate "2008.??.??"]
[EventType "tourn (corr)"]
[EventRounds "1"]
[SourceTitle "Corr 2022"]
[Source "ChessBase"]
[SourceDate "2021.10.24"]
[SourceVersion "1"]
[SourceVersionDate "2021.10.24"]
[SourceQuality "1"]

1. e4 c5 2. c3 Nf6 3. e5 Nd5 4. Nf3 Nc6 5. d4 cxd4 6. cxd4 d6 7. Bc4 Nb6 8. Bb5 Bd7 9. Nc3 dxe5 10. dxe5 g6 11. 0-0 Bg7 12. Bf4 0-0 13. Qe2 a6 14. Bxc6 Bxc6 15. Rfd1 Qe8 16. Rac1 Rd8 17. Nd4 Nd5 18. Nxd5 Bxd5 19. b3 e6 20. Qe3 Rc8 21. Rxc8 Qxc8 22. Bg5 Qc7 23. Bf6 Rc8 24. Bxg7 Kxg7 25. f3 Qa5 26. Qe2 Qc5 27. Qd2 b5 28. Kf2 Qc3 29. Qf4 Qb2+ 30. Rd2 Qc1 31. Qf6+ 1/2-1/2

[Event "IECG WC.2011.S.00001 email"]
[Site "IECG email"]
[Date "2008.10.23"]
[Round "1"]
[White "Shutov, Andry"]
[Black "Depasse, Jean Marc"]
[Result "1/2-1/2"]
[WhiteElo "1924"]
[BlackElo "2276"]
[PlyCount "58"]
[EventDate "2008.10.23"]
[EventType "tourn (corr)"]
[EventRounds "10"]
[SourceTitle "Corr 2024"]
[Source "ChessBase"]
[SourceDate "2023.10.19"]
[SourceVersion "1"]
[SourceVersionDate "2023.10.19"]
[SourceQuality "1"]

1. e4 e6 2. d4 d5 3. e5 c5 4. c3 Nc6 5. Nf3 Bd7 6. Be2 Rc8 7. 0-0 a6 8. c4 cxd4 9. cxd5 exd5 10. Nxd4 Nxe5 11. Nc3 Nf6 12. Re1 Be7 13. Bxa6 bxa6 14. Rxe5 0-0 15. Bg5 h6 16. Bxf6 Bxf6 17. Rxd5 Qc7 18. Ne4 Be5 19. Nf3 Bg4 20. h3 Bxf3 21. Qxf3 Bxb2 22. Rad1 Rcd8 23. Nd6 Be5 24. Rxe5 Rxd6 25. Rxd6 Qxd6 26. Qe4 g6 27. Rd5 Qf6 28. Qd4 Qxd4 29. Rxd4 Rc8 1/2-1/2

[Event "IECG WC.2011.S.00001 email"]
[Site "IECG email"]
[Date "2008.10.23"]
[Round "1"]
[White "Shutov, Andry"]
[Black "Van Gysel, Marc"]
[Result "1/2-1/2"]
[WhiteElo "1924"]
[BlackElo "2068"]
[PlyCount "54"]
[EventDate "2008.10.23"]
[EventType "tourn (corr)"]
[EventRounds "10"]
[SourceTitle "Corr 2024"]
[Source "ChessBase"]
[SourceDate "2023.10.19"]
[SourceVersion "1"]
[SourceVersionDate "2023.10.19"]
[SourceQuality "1"]

1. e4 e6 2. d4 d5 3. e5 c5 4. c3 Qb6 5. Nf3 Nc6 6. a3 Bd7 7. b4 cxd4 8. cxd4 Rc8 9. Bb2 Na5 10. Nbd2 Nc4 11. Nxc4 dxc4 12. Rc1 a5 13. Nd2 axb4 14. Nxc4 Qd8 15. axb4 b5 16. Nd6+ Bxd6 17. exd6 Nf6 18. Bd3 Rc6 19. Bxb5 Rxd6 20. Bc4 0-0 21. 0-0 Qb8 22. Qd3 Rd8 23. Rfe1 Nd5 24. Qg3 h6 25. f4 Rb6 26. Bxd5 exd5 27. Bc3 Bf5 1/2-1/2

[Event "IECG WC.2011.S.00001 email"]
[Site "IECG email"]
[Date "2008.10.23"]
[Round "1"]
[White "Silkin, Alexey"]
[Black "Shutov, Andry"]
[Result "1/2-1/2"]
[WhiteElo "2256"]
[BlackElo "1924"]
[PlyCount "96"]
[EventDate "2008.10.23"]
[EventType "tourn (corr)"]
[EventRounds "10"]
[SourceTitle "Corr 2024"]
[Source "ChessBase"]
[SourceDate "2023.10.19"]
[SourceVersion "1"]
[SourceVersionDate "2023.10.19"]
[SourceQuality "1"]

1. d4 d5 2. Nf3 c6 3. c4 dxc4 4. e3 Be6 5. Nc3 b5 6. a4 b4 7. Ne4 Nf6 8. Ng3 Bd5 9. Qc2 h5 10. e4 b3 11. Qd1 Nxe4 12. Nxe4 Bxe4 13. Bxc4 Bc2 14. Qe2 e6 15. 0-0 Nd7 16. a5 Bd6 17. Bg5 Qc7 18. Rfc1 0-0 19. g3 c5 20. Ne1 Bg6 21. Bxb3 Rab8 22. Ba4 c4 23. b3 c3 24. Bd2 Nf6 25. Rxc3 Qxa5 26. Nf3 Ne4 27. Rc5 Qd8 28. Ba5 Qf6 29. Rc6 Rfc8 30. Rac1 Rxc6 31. Bxc6 Qf5 32. b4 Ng5 33. Nh4 Nh3+ 34. Kf1 Qg5 35. Rd1 Nf4 36. Qe3 Bc2 37. Rd2 Qxa5 38. bxa5 Rb1+ 39. Qe1 Bd3+ 40. Rxd3 Rxe1+ 41. Kxe1 Nxd3+ 42. Ke2 Nb4 43. Bb7 a6 44. Kd2 Bc7 45. Kc3 Bxa5 46. Kc4 g5 47. Ng2 Kg7 48. Ne3 Kf6 1/2-1/2

[Event "IECG WC.2011.S.00001 email"]
[Site "IECG email"]
[Date "2008.10.23"]
[Round "1"]
[White "Sukhodolsky, Alexandr"]
[Black "Shutov, Andry"]
[Result "1-0"]
[WhiteElo "2266"]
[BlackElo "1924"]
[PlyCount "67"]
[EventDate "2008.10.23"]
[EventType "tourn (corr)"]
[EventRounds "10"]
[SourceTitle "Corr 2024"]
[Source "ChessBase"]
[SourceDate "2023.10.19"]
[SourceVersion "1"]
[SourceVersionDate "2023.10.19"]
[SourceQuality "1"]

1. e4 Nf6 2. e5 Nd5 3. d4 d6 4. Nf3 dxe5 5. Nxe5 Nd7 6. Nxf7 Kxf7 7. Qh5+ Ke6 8. c4 N5f6 9. d5+ Kd6 10. Qf7 Ne5 11. Bf4 c5 12. Nc3 a6 13. b4 b6 14. bxc5+ bxc5 15. 0-0-0 g6 16. Kc2 Bf5+ 17. Bd3 Qe8 18. Qxe8 Rxe8 19. Bxf5 gxf5 20. Rhe1 Nfd7 21. Rb1 Rg8 22. g3 Rg6 23. Rb7 Bh6 24. Rxd7+ Kxd7 25. Bxe5 e6 26. Na4 exd5 27. cxd5 Bf8 28. f4 Bd6 29. Nb6+ Kd8 30. Nc4 Rh6 31. Re2 Kd7 32. Kd3 Bc7 33. Rb2 Kc8 34. d6 1-0

[Event "IECG CP.2008.P.00018 email"]
[Site "IECG email"]
[Date "2008.10.01"]
[Round "?"]
[White "Wlasow, Andrey"]
[Black "Shutov, Andry"]
[Result "1/2-1/2"]
[WhiteElo "2222"]
[BlackElo "1924"]
[PlyCount "73"]
[EventDate "2008.10.01"]
[EventType "tourn (corr)"]
[EventRounds "6"]
[EventCountry "ARG"]
[SourceTitle "Corr 2024"]
[Source "ChessBase"]
[SourceDate "2023.10.19"]
[SourceVersion "1"]
[SourceVersionDate "2023.10.19"]
[SourceQuality "1"]

1. Nf3 d5 2. c4 d4 3. g3 Nc6 4. Bg2 e5 5. 0-0 Nf6 6. d3 Be7 7. b4 Nxb4 8. Nxe5 0-0 9. a3 Na6 10. Nd2 Re8 11. Nef3 c5 12. Rb1 Nb8 13. Nb3 Nc6 14. e3 dxe3 15. Bxe3 b6 16. d4 Bf5 17. Rc1 cxd4 18. Nfxd4 Nxd4 19. Nxd4 Be4 20. f3 Bb7 21. Qb3 Bc5 22. Rfd1 Nd7 23. Nc2 Qe7 24. Bxc5 Qxc5+ 25. Nd4 Ne5 26. Qb4 Rac8 27. Qxc5 Rxc5 28. Re1 Kf8 29. f4 Bxg2 30. fxe5 Bh3 31. Nb5 Rexe5 32. Rxe5 Rxe5 33. Nxa7 Rc5 34. Nb5 Be6 35. Rb1 Rxc4 36. Na7 Rc7 37. Nb5 1/2-1/2

[Event "FICGS class C 000032 email"]
[Site "FICGS email"]
[Date "2007.11.09"]
[Round "1"]
[White "Riccio, Domenico"]
[Black "Shutov, Andry"]
[Result "1/2-1/2"]
[WhiteElo "1800"]
[BlackElo "1917"]
[PlyCount "45"]
[EventDate "2007.??.??"]
[EventType "tourn (corr)"]
[EventRounds "4"]
[SourceTitle "Corr 2022"]
[Source "ChessBase"]
[SourceDate "2021.10.24"]
[SourceVersion "1"]
[SourceVersionDate "2021.10.24"]
[SourceQuality "1"]

1. e4 Nf6 2. e5 Nd5 3. c4 Nb6 4. d4 d6 5. Nf3 Bg4 6. exd6 cxd6 7. h3 Bxf3 8. Qxf3 Nc6 9. Be3 g6 10. Nc3 Bg7 11. 0-0-0 Rc8 12. Kb1 0-0 13. c5 dxc5 14. dxc5 Nd7 15. Qg4 e6 16. Qc4 Qe7 17. Ne4 b6 18. Bg5 f6 19. Be3 Nce5 20. Qa6 Nxc5 21. Nxc5 bxc5 22. f4 Nc6 23. Bb5 1/2-1/2

[Event "FICGS class C 000032 email"]
[Site "FICGS email"]
[Date "2007.11.09"]
[Round "1"]
[White "Shutov, Andry"]
[Black "Carrizo, Jose Luis"]
[Result "0-1"]
[WhiteElo "1917"]
[BlackElo "1803"]
[PlyCount "98"]
[EventDate "2007.??.??"]
[EventType "tourn (corr)"]
[EventRounds "4"]
[SourceTitle "Corr 2022"]
[Source "ChessBase"]
[SourceDate "2021.10.24"]
[SourceVersion "1"]
[SourceVersionDate "2021.10.24"]
[SourceQuality "1"]

1. e4 e5 2. f4 exf4 3. Nf3 g5 4. Bc4 Bg7 5. 0-0 d6 6. d4 h6 7. c3 Nc6 8. Qa4 Bd7 9. Qb3 Na5 10. Bxf7+ Ke7 11. Qa3 Kxf7 12. Qxa5 c5 13. Qa3 Qc7 14. Qb3+ Kg6 15. Nbd2 Re8 16. Qc4 Ne7 17. b3 Kh7 18. Bb2 Rhf8 19. h3 a6 20. a4 b5 21. Qd3 bxa4 22. bxa4 Qc6 23. Ba3 Ng6 24. a5 Rb8 25. Nc4 Rb3 26. Qc2 Rb5 27. Kh2 cxd4 28. cxd4 Rc8 29. Rac1 d5 30. exd5 Qxd5 31. Bc5 Bf5 32. Qd2 Rc6 33. Nb6 Qb3 34. Qe1 Re6 35. Qd2 Qd3 36. Rf2 Qxd2 37. Rxd2 Rxa5 38. Nc4 Rb5 39. Nd6 Rb1 40. Rxb1 Bxb1 41. Rb2 Bd3 42. Rd2 Re3 43. d5 Ne5 44. Nxe5 Bxe5 45. Nf7 Bb5 46. Nxe5 Rxe5 47. Bd6 Re4 48. Bc7 h5 49. d6 Bd7 0-1

[Event "FICGS class C 000032 email"]
[Site "FICGS email"]
[Date "2007.11.09"]
[Round "1"]
[White "Shutov, Andry"]
[Black "Lemekhov, Yura"]
[Result "1/2-1/2"]
[WhiteElo "1917"]
[BlackElo "1884"]
[PlyCount "48"]
[EventDate "2007.??.??"]
[EventType "tourn (corr)"]
[EventRounds "4"]
[SourceTitle "Corr 2022"]
[Source "ChessBase"]
[SourceDate "2021.10.24"]
[SourceVersion "1"]
[SourceVersionDate "2021.10.24"]
[SourceQuality "1"]

1. e4 c5 2. c3 Nf6 3. e5 Nd5 4. Nf3 Nc6 5. d4 cxd4 6. cxd4 d6 7. Bc4 Nb6 8. Bb5 a6 9. Bxc6+ bxc6 10. 0-0 g6 11. Re1 Bg7 12. Qc2 0-0 13. Qxc6 dxe5 14. dxe5 Rb8 15. Nbd2 Bb7 16. Qc5 Nd7 17. Qe3 Qc7 18. b3 Nc5 19. Ba3 Ne6 20. Rac1 Qd7 21. Ne4 Rfd8 22. Nc5 Nxc5 23. Bxc5 Rbc8 24. b4 Qe6 1/2-1/2

[Event "FICGS class C 000032 email"]
[Site "FICGS email"]
[Date "2007.11.09"]
[Round "1"]
[White "Shutov, Andry"]
[Black "Nent, Alexander"]
[Result "1/2-1/2"]
[WhiteElo "1917"]
[BlackElo "1805"]
[PlyCount "24"]
[EventDate "2007.??.??"]
[EventType "tourn (corr)"]
[EventRounds "4"]
[SourceTitle "Corr 2022"]
[Source "ChessBase"]
[SourceDate "2021.10.24"]
[SourceVersion "1"]
[SourceVersionDate "2021.10.24"]
[SourceQuality "1"]

1. e4 e5 2. f4 Bc5 3. Nf3 d6 4. c3 Bb6 5. d4 exd4 6. cxd4 Bg4 7. Be3 Nf6 8. Nc3 Nxe4 9. Nxe4 Qe7 10. Qd3 Bf5 11. Qb5+ Bd7 12. Qd3 Bf5 1/2-1/2

[Event "IECG CP.2007.P.00076 email"]
[Site "IECG email"]
[Date "2007.10.01"]
[Round "?"]
[White "Shutov, Andry"]
[Black "Znak, Nicholas"]
[Result "1-0"]
[WhiteElo "1892"]
[BlackElo "840"]
[PlyCount "21"]
[EventDate "2007.10.01"]
[EventType "tourn (corr)"]
[EventRounds "6"]
[SourceTitle "Corr 2024"]
[Source "ChessBase"]
[SourceDate "2023.10.19"]
[SourceVersion "1"]
[SourceVersionDate "2023.10.19"]
[SourceQuality "1"]

1. e4 c5 2. c3 d5 3. exd5 Qxd5 4. d4 e5 5. Nf3 exd4 6. cxd4 Nc6 7. Nc3 Qd8 8. d5 Qe7+ 9. Be3 Ne5 10. d6 Nxf3+ 11. Qxf3 1-0

[Event "FICGS W-ch st1 g13 email"]
[Site "FICGS email"]
[Date "2007.07.11"]
[Round "1"]
[White "Mueller, Robert"]
[Black "Shutov, Andry"]
[Result "1-0"]
[WhiteElo "2194"]
[BlackElo "1873"]
[PlyCount "49"]
[EventDate "2007.??.??"]
[EventType "tourn (corr)"]
[EventRounds "8"]
[SourceTitle "Corr 2022"]
[Source "ChessBase"]
[SourceDate "2021.10.24"]
[SourceVersion "1"]
[SourceVersionDate "2021.10.24"]
[SourceQuality "1"]

1. e4 Nf6 2. e5 Nd5 3. c4 Nb6 4. c5 Nd5 5. Nc3 e6 6. Nxd5 exd5 7. d4 d6 8. cxd6 cxd6 9. Nf3 Nc6 10. Bd3 dxe5 11. Nxe5 Bb4+ 12. Bd2 Qb6 13. 0-0 Bxd2 14. Nxc6 Bf4 15. Re1+ Kf8 16. Ne5 Be6 17. g3 Bxe5 18. dxe5 h5 19. h4 Qxb2 20. Rb1 Qxa2 21. Rxb7 Qa5 22. Qb1 g6 23. Bxg6 fxg6 24. Re3 Rg8 25. Rh7 1-0

[Event "FICGS W-ch st1 g13 email"]
[Site "FICGS email"]
[Date "2007.07.11"]
[Round "1"]
[White "Pech, Jaroslav Sr"]
[Black "Shutov, Andry"]
[Result "1/2-1/2"]
[WhiteElo "1615"]
[BlackElo "1873"]
[PlyCount "50"]
[EventDate "2007.??.??"]
[EventType "tourn (corr)"]
[EventRounds "8"]
[SourceTitle "Corr 2022"]
[Source "ChessBase"]
[SourceDate "2021.10.24"]
[SourceVersion "1"]
[SourceVersionDate "2021.10.24"]
[SourceQuality "1"]

1. e4 Nf6 2. e5 Nd5 3. d4 d6 4. c4 Nb6 5. f4 dxe5 6. fxe5 Nc6 7. Be3 Bf5 8. Nc3 e6 9. Nf3 Bg4 10. Be2 Bxf3 11. gxf3 Qh4+ 12. Bf2 Qf4 13. Qc1 Qxc1+ 14. Rxc1 0-0-0 15. Rd1 Bb4 16. a3 Bxc3+ 17. bxc3 h6 18. Rg1 Rhg8 19. Rb1 Na5 20. c5 Na4 21. Kd2 Nxc5 22. Rb5 b6 23. Kc2 Nd7 24. f4 c6 25. Rb4 Kc7 1/2-1/2

[Event "FICGS class C 000024 email"]
[Site "FICGS email"]
[Date "2007.06.23"]
[Round "1"]
[White "Shutov, Andry"]
[Black "Roe, Philip"]
[Result "1-0"]
[WhiteElo "1873"]
[BlackElo "1950"]
[PlyCount "49"]
[EventDate "2007.??.??"]
[EventType "tourn (corr)"]
[EventRounds "4"]
[SourceTitle "Corr 2022"]
[Source "ChessBase"]
[SourceDate "2021.10.24"]
[SourceVersion "1"]
[SourceVersionDate "2021.10.24"]
[SourceQuality "1"]

1. e4 e5 2. f4 Bc5 3. Nf3 d6 4. c3 Nf6 5. fxe5 dxe5 6. Nxe5 Qe7 7. d4 Bd6 8. Qf3 Bxe5 9. dxe5 Qxe5 10. Bf4 Qe7 11. Nd2 Bg4 12. Qg3 Bf5 13. Be2 Bg6 14. Bxc7 Nxe4 15. Nxe4 Qxe4 16. Qd6 Nd7 17. Rd1 Qh4+ 18. g3 Qe7 19. Qxe7+ Kxe7 20. 0-0 Rac8 21. Bd6+ Kd8 22. Bg4 Rc4 23. Be7+ Kxe7 24. Rxd7+ Ke8 25. Rxb7 1-0

[Event "IECG WC.2011.P.00004 email"]
[Site "IECG email"]
[Date "2007.04.04"]
[Round "?"]
[White "Gyimesi, Jenoe"]
[Black "Shutov, Andry"]
[Result "1/2-1/2"]
[WhiteElo "1698"]
[BlackElo "1865"]
[PlyCount "56"]
[EventDate "2007.04.04"]
[EventType "tourn (corr)"]
[EventRounds "6"]
[SourceTitle "Corr 2011"]
[Source "ChessBase"]
[SourceDate "2010.08.31"]
[SourceVersion "1"]
[SourceVersionDate "2010.08.31"]
[SourceQuality "1"]

1. e4 Nf6 2. e5 Nd5 3. d4 d6 4. c4 Nb6 5. Nf3 Bg4 6. exd6 cxd6 7. Nbd2 e6 8. Qb3 Be7 9. c5 dxc5 10. dxc5 Bxc5 11. Qc3 Bxf3 12. Nxf3 Bf8 13. Bb5+ N8d7 14. Bg5 f6 15. Rd1 fxg5 16. 0-0 Be7 17. Qb3 Bf6 18. Rfe1 0-0 19. Qxe6+ Kh8 20. Bxd7 Bxb2 21. Bc6 Qc7 22. Be4 Rae8 23. Qg4 Bc3 24. Re3 Qf4 25. Qxg5 Rxe4 26. Qxf4 Rexf4 27. Rxc3 Kg8 28. h4 h6 1/2-1/2

[Event "IECG WC.2011.P.00004 email"]
[Site "IECG email"]
[Date "2007.04.04"]
[Round "?"]
[White "Shutov, Andry"]
[Black "Sulis, Giovanni"]
[Result "1-0"]
[WhiteElo "1865"]
[BlackElo "1854"]
[PlyCount "85"]
[EventDate "2007.04.04"]
[EventType "tourn (corr)"]
[EventRounds "6"]
[SourceTitle "Corr 2011"]
[Source "ChessBase"]
[SourceDate "2010.08.31"]
[SourceVersion "1"]
[SourceVersionDate "2010.08.31"]
[SourceQuality "1"]

1. e4 Nc6 2. d4 d5 3. Nc3 dxe4 4. d5 Nb8 5. Nxe4 e6 6. Bc4 Ne7 7. dxe6 Qxd1+ 8. Kxd1 Bxe6 9. Bxe6 fxe6 10. Nc5 e5 11. Nf3 Ng6 12. Nxb7 Nd7 13. Ke2 Rb8 14. Na5 Rb5 15. Nc4 Rc5 16. b3 Be7 17. Be3 e4 18. Nfd2 Rc6 19. Nxe4 Re6 20. f3 0-0 21. Rad1 Nb8 22. Bxa7 Nc6 23. Be3 Nb4 24. Rd7 Nxc2 25. g3 Nxe3 26. Kxe3 c6 27. Rhd1 Bc5+ 28. Kd2 Be7 29. Ke2 Ra8 30. a4 Ne5 31. Nxe5 Rxe5 32. Rb7 Bf8 33. Rdd7 Rh5 34. h4 Re5 35. Kd3 Rf5 36. f4 h5 37. Rb6 Rc8 38. b4 Ra8 39. a5 Rd5+ 40. Rxd5 cxd5 41. Ng5 Be7 42. a6 Bd8 43. Rc6 1-0

[Event "IECG CP.2005.Q.00024 email"]
[Site "IECG email"]
[Date "2007.01.15"]
[Round "?"]
[White "Shutov, Andry"]
[Black "Orlov, Vladimir Borisovich"]
[Result "1/2-1/2"]
[WhiteElo "1863"]
[BlackElo "2209"]
[PlyCount "134"]
[EventDate "2007.01.15"]
[EventType "tourn (corr)"]
[EventRounds "6"]
[EventCountry "GER"]
[SourceTitle "Corr 2011"]
[Source "ChessBase"]
[SourceDate "2010.08.31"]
[SourceVersion "1"]
[SourceVersionDate "2010.08.31"]
[SourceQuality "1"]

1. e4 e5 2. f4 exf4 3. Nf3 d6 4. d4 g5 5. h4 g4 6. Ng1 Nf6 7. Bxf4 Nxe4 8. Nd2 Nf6 9. Qe2+ Qe7 10. 0-0-0 Nc6 11. Qf2 Bg7 12. Bg5 d5 13. Re1 Be6 14. h5 h6 15. Bh4 0-0-0 16. Bb5 Nb8 17. Ne2 Qb4 18. Bd3 Nbd7 19. c3 Qa4 20. Nf4 Rde8 21. Nxe6 fxe6 22. Kb1 Rhf8 23. Qe2 Qa5 24. Bg6 Re7 25. Bf5 Kb8 26. Bxg4 Qb6 27. Bf5 c5 28. Nb3 cxd4 29. cxd4 Ka8 30. Rh3 Nb8 31. Re3 Nc6 32. Rxe6 Rxe6 33. Qxe6 a5 34. Rd1 Qb4 35. g4 a4 36. Be1 Qb5 37. Bd3 Qb6 38. Nc5 a3 39. Bc3 Re8 40. Qd6 Qd8 41. Qxd8+ Nxd8 42. Rg1 b6 43. Na4 Kb7 44. g5 hxg5 45. Bg6 Re3 46. Rxg5 Bh8 47. Re5 Rh3 48. Re7+ Kc6 49. Kc2 b5 50. Nc5 Kd6 51. Ra7 Nc6 52. Ra8 Bg7 53. Rc8 Rf3 54. bxa3 Ng4 55. Ne4+ Kd7 56. Rg8 Ne3+ 57. Kc1 Bxd4 58. Be8+ Kc7 59. Rg6 Bxc3 60. Rxc6+ Kd8 61. Nxc3 Kxe8 62. h6 Rh3 63. Nxb5 Nf5 64. a4 Rxh6 65. Rxh6 Nxh6 66. Nc7+ Kd7 67. Nxd5 Kc6 1/2-1/2

[Event "IECC CL3-2006.17 email"]
[Site "IECC email"]
[Date "2006.12.27"]
[Round "?"]
[White "Shutov, Andry"]
[Black "Gavrileteanu, Lucian"]
[Result "1-0"]
[WhiteElo "1971"]
[BlackElo "1902"]
[PlyCount "73"]
[EventDate "2006.??.??"]
[EventType "tourn (corr)"]
[EventRounds "4"]
[SourceTitle "Corr 2008"]
[Source "ChessBase"]
[SourceDate "2008.06.24"]
[SourceVersion "1"]
[SourceVersionDate "2008.06.24"]
[SourceQuality "1"]

1. e4 e5 2. f4 exf4 3. Nf3 g5 4. Bc4 Bg7 5. 0-0 Nc6 6. d4 g4 7. Ne5 Bxe5 8. dxe5 f3 9. Nc3 Nxe5 10. Bf4 Nxc4 11. Qd4 f6 12. Qxc4 c6 13. gxf3 Qe7 14. e5 gxf3 15. exf6 Qxf6 16. Rxf3 d5 17. Nxd5 cxd5 18. Qxd5 Ne7 19. Re1 Qf7 20. Qc5 Bf5 21. Bd6 Rg8+ 22. Kf2 Rc8 23. Rxe7+ Qxe7 24. Qxf5 Qh4+ 25. Bg3 Qd4+ 26. Kg2 Qd2+ 27. Kh1 Qd1+ 28. Rf1 Qxf1+ 29. Qxf1 Rxc2 30. Qb5+ Rc6 31. Qxb7 Rgg6 32. Qxh7 a6 33. Bf4 Rge6 34. Qg8+ Ke7 35. h4 Rb6 36. Qg7+ Ke8 37. h5 1-0

[Event "IECC CL3-2006.11 email"]
[Site "IECC email"]
[Date "2006.10.01"]
[Round "?"]
[White "Obando, Daniel"]
[Black "Shutov, Andry"]
[Result "1/2-1/2"]
[WhiteElo "1842"]
[BlackElo "1970"]
[PlyCount "45"]
[EventDate "2006.??.??"]
[EventType "tourn (corr)"]
[EventRounds "4"]
[SourceTitle "Corr 2008"]
[Source "ChessBase"]
[SourceDate "2008.06.24"]
[SourceVersion "1"]
[SourceVersionDate "2008.06.24"]
[SourceQuality "1"]

1. e4 Nf6 2. Nc3 d5 3. exd5 Nxd5 4. Nf3 Nxc3 5. bxc3 g6 6. d4 Bg7 7. Bc4 0-0 8. 0-0 c5 9. Re1 Qc7 10. d5 Bxc3 11. Bd2 Bf6 12. Bh6 Nd7 13. Bxf8 Kxf8 14. Qe2 Nb6 15. Rad1 Bf5 16. h3 Rd8 17. Bd3 Bxd3 18. Rxd3 c4 19. d6 Rxd6 20. Rxd6 Qxd6 21. Rd1 Qc6 22. Ne5 Qc7 23. Ng4 1/2-1/2

[Event "IECG CB.2006.0.00163 email"]
[Site "IECG email"]
[Date "2006.09.20"]
[Round "1"]
[White "Baci, Vedran"]
[Black "Shutov, Andry"]
[Result "0-1"]
[WhiteElo "1845"]
[BlackElo "1863"]
[PlyCount "21"]
[EventDate "2006.09.20"]
[EventType "tourn (corr)"]
[EventRounds "6"]
[SourceTitle "Corr 2024"]
[Source "ChessBase"]
[SourceDate "2023.10.19"]
[SourceVersion "1"]
[SourceVersionDate "2023.10.19"]
[SourceQuality "1"]

1. e4 Nf6 2. e5 Nd5 3. d4 d6 4. c4 Nb6 5. f4 dxe5 6. fxe5 c5 7. d5 g6 8. Bf4 Bg7 9. Nc3 0-0 10. Qd2 e6 11. 0-0-0 0-1

[Event "IECG CB.2006.0.00163 email"]
[Site "IECG email"]
[Date "2006.09.20"]
[Round "1"]
[White "Shutov, Andry"]
[Black "Karlsson, Patrik"]
[Result "1/2-1/2"]
[WhiteElo "1863"]
[BlackElo "1991"]
[PlyCount "41"]
[EventDate "2006.09.20"]
[EventType "tourn (corr)"]
[EventRounds "6"]
[SourceTitle "Corr 2011"]
[Source "ChessBase"]
[SourceDate "2010.08.31"]
[SourceVersion "1"]
[SourceVersionDate "2010.08.31"]
[SourceQuality "1"]

1. e4 e5 2. f4 exf4 3. Nf3 g5 4. Bc4 Bg7 5. d4 d6 6. 0-0 Nc6 7. c3 h6 8. Qa4 Kf8 9. Qc2 Nge7 10. Na3 f5 11. Bd3 fxe4 12. Bxe4 d5 13. Bd3 Bf6 14. Bd2 Kg7 15. Rae1 Rf8 16. Ne5 a6 17. Nxc6 Nxc6 18. Qd1 Qd7 19. Nc2 Ne7 20. Qh5 Rf7 21. h3 1/2-1/2

[Event "IECG TE.2004.S.01603"]
[Site "IECG email"]
[Date "2005.11.27"]
[Round "?"]
[White "Shutov, Andry"]
[Black "Kovacs, Arthur"]
[Result "1/2-1/2"]
[WhiteElo "1810"]
[BlackElo "2148"]
[PlyCount "59"]
[EventDate "2005.11.27"]
[EventType "tourn (corr)"]
[EventRounds "12"]
[SourceTitle "Corr 2008"]
[Source "ChessBase"]
[SourceDate "2008.06.24"]
[SourceVersion "1"]
[SourceVersionDate "2008.06.24"]
[SourceQuality "1"]

1. e4 c6 2. d4 d5 3. e5 Bf5 4. h4 h5 5. Be2 e6 6. Nf3 Ne7 7. Ng5 Bg6 8. c3 c5 9. dxc5 Nec6 10. b4 a5 11. Bd2 axb4 12. cxb4 b6 13. cxb6 Qxb6 14. 0-0 Bxb4 15. Be3 Bc5 16. Bxc5 Qxc5 17. Nd2 Nd7 18. Ndf3 Ndxe5 19. Rc1 Qb6 20. a4 0-0 21. Nxe5 Nxe5 22. Bxh5 Be4 23. Nxe4 dxe4 24. Rb1 Qa7 25. Rb4 Rfd8 26. Qc2 Rd4 27. Rfb1 Rxb4 28. Rxb4 e3 29. fxe3 Qxe3+ 30. Kh2 1/2-1/2